| 000 | 00978cam a2200349u 4500 | ||
|---|---|---|---|
| 001 | 12554643 | ||
| 003 | OSt | ||
| 005 | 20140310184344.0 | ||
| 008 | 011003s1932 nyu 000 f eng | ||
| 010 | _altf96018271 | ||
| 020 | _a9780060850524 | ||
| 020 | _a0060850523 | ||
| 040 |
_aDLC _cDLC _dDLC |
||
| 050 | 0 | 0 |
_aPR 6015.U9 _b.B65 1932 |
| 100 | 1 |
_aHuxley, Aldous, _d1894-1963. _924675 |
|
| 245 | 0 | 0 |
_aBrave new world / _cAldous Huxley. |
| 260 |
_aNew York, N.Y., _bHarperCollins Publisher, _c1932. |
||
| 300 |
_a279 p. : _c21 cm. |
||
| 521 | _aG7 | ||
| 526 | _c870 | ||
| 562 | _e3 | ||
| 650 | 0 |
_aPassivity (Psychology) _vFiction. _924676 |
|
| 650 | 0 |
_aGenetic engineering _vFiction. _924677 |
|
| 650 | 0 |
_aTotalitarianism _vFiction. _924678 |
|
| 650 | 0 |
_aCollectivism _vFiction. _924679 |
|
| 906 |
_a0 _bcbc _cpremver _du _encip _f19 _gy-gencatlg |
||
| 942 |
_2lcc _cBK-SCHOLAS |
||
| 999 |
_c33847 _d33847 |
||